000
00265nam a22001217a 4500
003
SGT
082
_a
616.89
_b
P01K
100
_a
KAPUR, MALAVIKA
245
_a
PSYCHOTHERAPY TRAINING IN INDIA
260
_a
INDIA
_b
NIMHANS
_c
2001
300
_a
199
942
_2
ddc
_c
BK
999
_c
15090
_d
15090